000 00519nam a2200181 a 4500
005 20260221063940.0
008 991125s1966 ag 000 0 fre u
035 _aUPN01000024577
049 _aCG
050 4 _aLB775
_bCH3.48
100 1 _aChateau, Jean
_933827
245 1 0 _aFilosofía y política de la educación /
_cJean Chateau ; tr. Lucy Jachevasky.
260 _aBuenos Aires :
_bNova,
_c1966.
300 _a322 p.
440 3 _aLa educación ;
_v1
650 4 _aEducación
_xFilosofía
_94994
905 _aLibro
999 _c24577
_d24577